[Event "Belgrade-chT2 Quality"]
[Site "Belgrade"]
[Date "2022.10.15"]
[Round "1.1"]
[White "Ostojic, Katarina"]
[Black "Bozovic, Vladimir"]
[Result "0-1"]
[WhiteElo "2001"]
[BlackElo "2210"]
[PlyCount "48"]
[EventDate "2022.10.15"]
[EventType "team-tourn"]
[EventRounds "13"]
[EventCountry "SRB"]
[SourceTitle "EXT 2024"]
[Source "ChessBase"]
[SourceDate "2023.10.10"]
[SourceVersion "1"]
[SourceVersionDate "2023.10.10"]
[SourceQuality "1"]
[WhiteTeam "Novi Belgrade Technicka"]
[BlackTeam "Zemun Teleoptik"]
[WhiteTeamCountry "SRB"]
[BlackTeamCountry "SRB"]

1. d4 Nf6 2. Nf3 g6 3. Bg5 Bg7 4. Nbd2 0-0 5. c3 b6 6. e4 Bb7 7. Bd3 h6 8. Bxf6 exf6 9. 0-0 d6 10. Qc2 c5 11. dxc5 dxc5 12. Rad1 Nc6 13. Nc4 Qc7 14. Ne3 Ne7 15. Bc4 Rad8 16. Rfe1 Qf4 17. Rxd8 Rxd8 18. Nf1 f5 19. Ng3 fxe4 20. Nxe4 Nf5 21. Qe2 Bxe4 22. Qxe4 Qxe4 23. Rxe4 Nd6 24. Rf4 Nxc4 0-1

[Event "Belgrade-chT Quality"]
[Site "Belgrade"]
[Date "2021.10.16"]
[Round "1.2"]
[White "Bozovic, Vladimir"]
[Black "Hrzic, Ivan"]
[Result "1/2-1/2"]
[WhiteElo "2186"]
[BlackElo "2280"]
[PlyCount "39"]
[EventDate "2021.10.16"]
[EventType "team-tourn"]
[EventRounds "11"]
[EventCountry "SRB"]
[SourceTitle "EXT 2023"]
[Source "ChessBase"]
[SourceDate "2022.10.05"]
[SourceVersion "1"]
[SourceVersionDate "2022.10.05"]
[SourceQuality "1"]
[WhiteTeam "Belgrade Zemun Teleoptic"]
[BlackTeam "Belgrade Polet"]
[WhiteTeamCountry "SRB"]
[BlackTeamCountry "SRB"]

1. d4 d5 2. Nf3 Nf6 3. c4 c6 4. Nc3 a6 5. a4 g6 6. e3 Bg7 7. Be2 0-0 8. 0-0 Bg4 9. Qb3 Ra7 10. h3 Bxf3 11. Bxf3 dxc4 12. Qxc4 Nbd7 13. e4 e5 14. d5 cxd5 15. exd5 b5 16. Qb4 bxa4 17. Be3 Ra8 18. Nxa4 Rb8 19. Qd2 a5 20. Rfd1 1/2-1/2

[Event "Belgrade-chTB Quality"]
[Site "Belgrade"]
[Date "2018.10.07"]
[Round "4.1"]
[White "Bozovic, Vladimir"]
[Black "Petrovic, Radenko"]
[Result "1/2-1/2"]
[WhiteElo "2169"]
[BlackElo "2024"]
[PlyCount "70"]
[EventDate "2018.09.29"]
[EventType "team-tourn"]
[EventRounds "11"]
[EventCountry "SRB"]
[SourceTitle "CBM 187 Extra"]
[Source "ChessBase"]
[SourceDate "2018.11.04"]
[SourceVersion "1"]
[SourceVersionDate "2018.11.04"]
[SourceQuality "1"]
[WhiteTeam "Belgrade Visan"]
[BlackTeam "Belgrade Borca"]
[WhiteTeamCountry "SRB"]
[BlackTeamCountry "SRB"]

1. d4 d5 2. Bg5 h6 3. Bh4 c6 4. Nd2 Bf5 5. e3 Qb6 6. b3 Nd7 7. Ngf3 e6 8. c4 a5 9. c5 Qc7 10. Bg3 Qd8 11. Be2 Ngf6 12. a3 b5 13. b4 a4 14. Rc1 Qc8 15. 0-0 Be7 16. Bd6 Bxd6 17. cxd6 Qb7 18. Ne5 Rc8 19. g4 Bh7 20. f4 Ne4 21. Nxe4 Bxe4 22. Bf3 Bxf3 23. Qxf3 Qb8 24. f5 Qxd6 25. Nxf7 Kxf7 26. fxe6+ Ke8 27. Qf7+ Kd8 28. Qxg7 Qxe6 29. Qxh8+ Kc7 30. Qh7 Qxg4+ 31. Kh1 Rg8 32. Rc2 Rg6 33. Qe7 Re6 34. Qh7 Rg6 35. Qe7 Re6 1/2-1/2

[Event "Belgrade-chTB Quality"]
[Site "Belgrade"]
[Date "2018.09.30"]
[Round "2.1"]
[White "Lazarevic, Zoran Voj"]
[Black "Bozovic, Vladimir"]
[Result "0-1"]
[WhiteElo "2155"]
[BlackElo "2169"]
[PlyCount "92"]
[EventDate "2018.09.29"]
[EventType "team-tourn"]
[EventRounds "11"]
[EventCountry "SRB"]
[SourceTitle "CBM 187 Extra"]
[Source "ChessBase"]
[SourceDate "2018.11.04"]
[SourceVersion "1"]
[SourceVersionDate "2018.11.04"]
[SourceQuality "1"]
[WhiteTeam "Belgrade BASK"]
[BlackTeam "Belgrade Visan"]
[WhiteTeamCountry "SRB"]
[BlackTeamCountry "SRB"]

1. e4 c5 2. Nf3 d6 3. d4 cxd4 4. Nxd4 Nf6 5. Nc3 e6 6. Bg5 h6 7. Be3 a6 8. f3 b5 9. Qd2 Nbd7 10. g4 Bb7 11. 0-0-0 b4 12. Nce2 d5 13. exd5 Nxd5 14. Kb1 Be7 15. Ng3 Ne5 16. Be2 Qc7 17. Rhe1 Nxe3 18. Qxe3 0-0 19. f4 Nc4 20. Nxe6 Nxe3 21. Nxc7 Nxd1 22. Nxa8 Nxb2 23. Nc7 Bd6 24. Nxa6 Na4 25. Bd3 Bxf4 26. Nxb4 Bd2 27. Re7 Bf3 28. a3 Bxg4 29. Bc4 Bg5 30. Ra7 Nc3+ 31. Kb2 Nd1+ 32. Ka2 Be3 33. Rb7 h5 34. a4 Bc8 35. Rc7 h4 36. Nf1 Bf4 37. Ra7 Bb8 38. Ra8 Bb7 39. Ra5 Rc8 40. Kb3 Bg2 41. Rh5 Rxc4 42. Kxc4 Bxf1+ 43. Kc5 h3 44. Rd5 Kh7 45. Kc6 Ne3 46. Rg5 f6 0-1

[Event "Belgrade Winter op"]
[Site "Belgrade"]
[Date "2011.01.23"]
[Round "2"]
[White "Bozovic, Vladimir"]
[Black "Cabrilo, Goran"]
[Result "1/2-1/2"]
[WhiteElo "2213"]
[BlackElo "2446"]
[PlyCount "47"]
[EventDate "2011.01.22"]
[EventType "swiss"]
[EventRounds "9"]
[EventCountry "SRB"]
[SourceTitle "CBM 140 Extra"]
[Source "ChessBase"]
[SourceDate "2011.03.01"]
[SourceVersion "1"]
[SourceVersionDate "2011.03.01"]
[SourceQuality "1"]

1. d4 Nf6 2. Nf3 e6 3. c4 d5 4. Nc3 Bb4 5. e3 0-0 6. Bd3 c5 7. 0-0 Nc6 8. a3 Bxc3 9. bxc3 Qc7 10. cxd5 exd5 11. a4 Re8 12. h3 c4 13. Bc2 Ne4 14. Bxe4 Rxe4 15. Nd2 Re8 16. Qh5 Be6 17. e4 dxe4 18. Nxe4 Rad8 19. Bg5 Rd5 20. Qh4 f5 21. Bf4 Qd8 22. Bg5 Qc7 23. Bf4 Qd8 24. Bg5 1/2-1/2

[Event "Belgrade-chT Quality"]
[Site "Belgrade"]
[Date "2008.11.06"]
[Round "6"]
[White "Bozovic, Vladimir"]
[Black "Aksentijevic, Malisa"]
[Result "0-1"]
[WhiteElo "2199"]
[BlackElo "2226"]
[PlyCount "102"]
[EventDate "2008.11.01"]
[EventType "team-swiss"]
[EventRounds "11"]
[EventCountry "YUG"]
[SourceTitle "CBM 127 Extra"]
[Source "ChessBase"]
[SourceDate "2009.01.08"]
[SourceVersion "2"]
[SourceVersionDate "2009.01.28"]
[SourceQuality "1"]

1. e4 c5 2. Nf3 d6 3. d4 cxd4 4. Nxd4 Nf6 5. Nc3 a6 6. Be3 e5 7. Nb3 Be6 8. f3 Be7 9. Qd2 0-0 10. 0-0-0 Qc7 11. g4 Rc8 12. g5 Nh5 13. Kb1 Nd7 14. Qf2 b5 15. h4 g6 16. Bh3 Rcb8 17. Bg4 b4 18. Ne2 a5 19. Bxh5 gxh5 20. Nbc1 Rc8 21. Ng3 a4 22. b3 Ra6 23. Nxh5 d5 24. Nf6+ Nxf6 25. gxf6 Bxf6 26. Bh6 Kh8 27. Rhg1 Raa8 28. Rg2 axb3 29. cxb3 Rg8 30. Rdg1 Rg6 31. Bg5 Bxg5 32. hxg5 dxe4 33. fxe4 Qc6 34. Qe3 Rd8 35. Rc2 Qb7 36. Nd3 Qb5 37. Rg3 Qb8 38. Rc5 f6 39. gxf6 Rxf6 40. Qg5 Rf1+ 41. Nc1 Rg8 42. Qh4 Qd6 43. Rc2 Rf4 44. Rxg8+ Bxg8 45. Qg5 Rxe4 46. Kb2 Qd4+ 47. Kb1 Qd6 48. Qg1 Be6 49. Qg5 Rf4 50. Rg2 Bf5+ 51. Ka1 Qd4+ 0-1

[Event "Belgrade-chT Quality"]
[Site "Belgrade"]
[Date "2008.11.01"]
[Round "1"]
[White "Bozovic, Vladimir"]
[Black "Ilijc, Milan"]
[Result "1-0"]
[WhiteElo "2199"]
[BlackElo "2214"]
[PlyCount "73"]
[EventDate "2008.11.01"]
[EventType "team-swiss"]
[EventRounds "11"]
[EventCountry "YUG"]
[SourceTitle "CBM 127 Extra"]
[Source "ChessBase"]
[SourceDate "2009.01.08"]
[SourceVersion "2"]
[SourceVersionDate "2009.01.28"]
[SourceQuality "1"]

1. e4 d6 2. d4 Nf6 3. Bd3 g6 4. c3 Bg7 5. Nf3 0-0 6. h3 Nbd7 7. 0-0 e5 8. Re1 c6 9. a4 a5 10. Na3 Re8 11. Nc4 Qc7 12. dxe5 dxe5 13. b4 axb4 14. cxb4 Bf8 15. Qb3 b5 16. Nb2 bxa4 17. Rxa4 Rb8 18. Be3 Nc5 19. Bxc5 Bxc5 20. Qc3 Bf8 21. Nc4 Nd7 22. Rc1 Nb6 23. Nxb6 Qxb6 24. Nxe5 Bxb4 25. Qa1 c5 26. Bc4 Re7 27. Rd1 Qc7 28. Bxf7+ Rxf7 29. Nxf7 Kxf7 30. Qh8 Ke6 31. Qg8+ Kf6 32. Qf8+ Kg5 33. Rd5+ Bf5 34. Rxf5+ gxf5 35. Qxf5+ Kh6 36. Qf6+ Kh5 37. g4# 1-0

[Event "Belgrade Trophy 20th"]
[Site "Belgrade"]
[Date "2007.11.30"]
[Round "9"]
[White "Bozovic, Vladimir"]
[Black "Kontic, Djordjije"]
[Result "0-1"]
[WhiteElo "2198"]
[BlackElo "2382"]
[PlyCount "76"]
[EventDate "2007.11.22"]
[EventType "swiss"]
[EventRounds "9"]
[EventCountry "YUG"]
[SourceTitle "CBM 121 Extra"]
[Source "ChessBase"]
[SourceDate "2008.01.10"]
[SourceVersion "1"]
[SourceVersionDate "2008.01.10"]
[SourceQuality "1"]

1. e4 c5 2. Nf3 e6 3. d4 cxd4 4. Nxd4 Nc6 5. Nc3 a6 6. Nxc6 bxc6 7. Bd3 Bc5 8. 0-0 d6 9. Kh1 Nf6 10. f4 h5 11. e5 Ng4 12. Qe1 d5 13. Na4 Ba7 14. b3 Qe7 15. Bd2 Rb8 16. h3 g6 17. Qe2 Nh6 18. Be3 c5 19. c4 Nf5 20. Bf2 Bb7 21. cxd5 exd5 22. Bxf5 gxf5 23. Qd3 Rg8 24. Qxf5 d4 25. Rg1 c4 26. Qh7 Kd7 27. Bxd4 Rg3 28. Kh2 Rbg8 29. Qxg8 Rxg8 30. Bxa7 Qh4 31. Rad1+ Ke8 32. g3 Rxg3 33. Rxg3 Qxf4 34. Be3 Qxe5 35. Bf2 h4 36. Re1 Be4 37. Rxe4 hxg3+ 38. Bxg3 Qxe4 0-1

[Event "Belgrade Trophy 19th"]
[Site "Belgrade"]
[Date "2006.11.22"]
[Round "1"]
[White "Kojovic, Dragan"]
[Black "Bozovic, Vladimir"]
[Result "1-0"]
[WhiteElo "2367"]
[BlackElo "2202"]
[PlyCount "55"]
[EventDate "2006.11.22"]
[EventType "swiss"]
[EventRounds "9"]
[EventCountry "YUG"]
[SourceTitle "CBM 115 Extra"]
[Source "ChessBase"]
[SourceDate "2007.01.10"]
[SourceVersion "1"]
[SourceVersionDate "2007.01.10"]
[SourceQuality "1"]

1. d4 Nf6 2. Nf3 g6 3. c4 Bg7 4. Nc3 0-0 5. e4 d6 6. h3 c5 7. d5 e5 8. Bg5 h6 9. Be3 Nh7 10. Qd2 h5 11. Be2 f5 12. g3 Na6 13. exf5 gxf5 14. Bh6 Qf6 15. Bxg7 Kxg7 16. Nh4 Qh6 17. f4 Nf6 18. 0-0-0 Bd7 19. Rdf1 e4 20. Nd1 e3 21. Qc3 Kh7 22. a3 b5 23. Qa5 Ne4 24. Rf3 Bc8 25. cxb5 Nb8 26. Nxe3 Qg7 27. g4 fxg4 28. hxg4 1-0

[Event "Belgrade Spring op"]
[Site "Belgrade"]
[Date "2005.04.02"]
[Round "9"]
[White "Bozovic, Vladimir"]
[Black "Sarovski, Nikola"]
[Result "0-1"]
[WhiteElo "2186"]
[BlackElo "2073"]
[PlyCount "122"]
[EventDate "2005.03.25"]
[EventType "swiss"]
[EventRounds "9"]
[EventCountry "YUG"]
[SourceTitle "CBM 105 Extra"]
[Source "ChessBase"]
[SourceDate "2005.05.01"]
[SourceVersion "1"]
[SourceVersionDate "2005.05.01"]
[SourceQuality "1"]

1. d4 c5 2. d5 Nf6 3. c4 Ne4 4. Qc2 f5 5. f3 Qa5+ 6. Nd2 Nd6 7. e4 e6 8. Bd3 Na6 9. a3 Be7 10. e5 Nf7 11. f4 g5 12. d6 Bf8 13. Ngf3 g4 14. Nh4 Nb8 15. 0-0 Nc6 16. Nb3 Qd8 17. g3 b6 18. Be3 a5 19. Rae1 Nh6 20. Bxf5 exf5 21. Nxf5 Nf7 22. Nd2 Ba6 23. Ne4 Qb8 24. Nf6+ Kd8 25. Qe4 Qb7 26. Qd5 Ncxe5 27. fxe5 Qxd5 28. Nxd5 Bxc4 29. Nxb6 Bxf1 30. Nxa8 Bd3 31. Nh4 Bg7 32. Bxc5 Ng5 33. Nc7 Rf8 34. Nd5 Be4 35. Bb6+ Kc8 36. Rc1+ Kb8 37. Nf4 Bxe5 38. Be3 a4 39. Rc5 Bxf4 40. Bxf4 Nh3+ 41. Kf1 Nxf4 42. gxf4 Rxf4+ 43. Ke2 Bc6 44. Nf5 Kb7 45. Ne3 Kb6 46. Rh5 Bf3+ 47. Kd3 Kc6 48. Ra5 Kxd6 49. Nc4+ Ke6 50. Rxa4 Bc6 51. Ra5 Rf3+ 52. Ne3 Rh3 53. b4 h5 54. b5 Bf3 55. b6 Kd6 56. Kd4 Kc6 57. Nc4 Rxh2 58. Rc5+ Kb7 59. Rc7+ Kb8 60. Nd6 Rd2+ 61. Ke5 Rd5+ 0-1

[Event "Belgrade Spring op"]
[Site "Belgrade"]
[Date "2005.04.01"]
[Round "8"]
[White "Bozovic, Vladimir"]
[Black "Kordic, Nikola"]
[Result "0-1"]
[WhiteElo "2186"]
[BlackElo "2110"]
[PlyCount "66"]
[EventDate "2005.03.25"]
[EventType "swiss"]
[EventRounds "9"]
[EventCountry "YUG"]
[SourceTitle "CBM 105 Extra"]
[Source "ChessBase"]
[SourceDate "2005.05.01"]
[SourceVersion "1"]
[SourceVersionDate "2005.05.01"]
[SourceQuality "1"]

1. e4 e5 2. Nf3 Nc6 3. d4 exd4 4. Nxd4 Bc5 5. Nxc6 Qf6 6. Qd2 dxc6 7. Nc3 Be6 8. Na4 Rd8 9. Bd3 Bd4 10. 0-0 b5 11. c3 bxa4 12. cxd4 Ne7 13. Qc2 Qxd4 14. Be2 0-0 15. Be3 Qf6 16. Bxa7 Rfe8 17. Rad1 Bxa2 18. Qxa4 Qxb2 19. Rxd8 Rxd8 20. Bf3 Be6 21. Bc5 Ng6 22. Qxc6 Ne5 23. Qxc7 Rc8 24. Rd1 h6 25. Qd6 Nxf3+ 26. gxf3 Qe2 27. Ba3 Qxf3 28. Qd3 Qg4+ 29. Kh1 Rc3 30. Qxc3 Qxd1+ 31. Kg2 Qg4+ 32. Kh1 Qxe4+ 33. f3 Qe2 0-1

[Event "Belgrade Spring op"]
[Site "Belgrade"]
[Date "2005.03.27"]
[Round "3"]
[White "Bozovic, Vladimir"]
[Black "Nestorovic, Nikola"]
[Result "1/2-1/2"]
[WhiteElo "2186"]
[BlackElo "2328"]
[PlyCount "102"]
[EventDate "2005.03.25"]
[EventType "swiss"]
[EventRounds "9"]
[EventCountry "YUG"]
[SourceTitle "CBM 105 Extra"]
[Source "ChessBase"]
[SourceDate "2005.05.01"]
[SourceVersion "1"]
[SourceVersionDate "2005.05.01"]
[SourceQuality "1"]

1. e4 c5 2. Nf3 d6 3. d4 cxd4 4. Nxd4 Nf6 5. Nc3 Nc6 6. Bg5 e6 7. Qd2 Be7 8. 0-0-0 Nxd4 9. Qxd4 0-0 10. f4 Qa5 11. Kb1 Rd8 12. Qd2 Qc7 13. Qe1 a6 14. Bd3 Kf8 15. e5 dxe5 16. fxe5 Nd5 17. Bxe7+ Nxe7 18. Qh4 Qxe5 19. Qxh7 g6 20. g4 Bd7 21. Rhf1 Qg7 22. Qh4 Bc6 23. Rf2 g5 24. Qh5 Ng8 25. Rdf1 f6 26. Bg6 Ke7 27. h4 gxh4 28. Qc5+ Kd7 29. Be4 Rac8 30. Rd2+ Ke8 31. Rxd8+ Kxd8 32. Rd1+ Ke8 33. Qd6 Qe7 34. Bxc6+ bxc6 35. Ne4 Kf8 36. Qf4 Rd8 37. Re1 Kg7 38. g5 f5 39. Nc3 c5 40. Qe5+ Kg6 41. Ne2 Qd6 42. Nf4+ Kf7 43. g6+ Ke8 44. Qe2 e5 45. Nd3 e4 46. Qh5 Ne7 47. g7+ Kd7 48. Nc1 Kc8 49. Qxh4 Rg8 50. Rg1 Qe5 51. Ne2 Kb7 1/2-1/2

[Event "Belgrade Zimski op"]
[Site "Belgrade"]
[Date "2005.01.30"]
[Round "8"]
[White "Gavric, Zivojin"]
[Black "Bozovic, Vladimir"]
[Result "0-1"]
[WhiteElo "2107"]
[BlackElo "2186"]
[PlyCount "85"]
[EventDate "2005.01.22"]
[EventType "swiss"]
[EventRounds "9"]
[EventCountry "YUG"]
[SourceTitle "CBM 104 Extra"]
[Source "ChessBase"]
[SourceDate "2005.03.01"]
[SourceVersion "1"]
[SourceVersionDate "2005.03.01"]
[SourceQuality "1"]

1. e4 d6 2. Nc3 Nf6 3. g3 g6 4. Bg2 Bg7 5. Nge2 0-0 6. 0-0 e5 7. d3 c6 8. h3 d5 9. f4 dxe4 10. Nxe4 Nxe4 11. dxe4 Qb6+ 12. Kh2 exf4 13. Nxf4 Nd7 14. Qd6 Ne5 15. Rb1 Bd7 16. b3 Rad8 17. Qe7 Rfe8 18. Qh4 h6 19. Bb2 g5 20. Qh5 gxf4 21. gxf4 Ng6 22. Bxg7 Kxg7 23. f5 Qc7+ 24. Kh1 Nh8 25. Rg1 Kh7 26. Bf1 Rg8 27. Bd3 Qe5 28. Qh4 c5 29. a4 Bc6 30. Rbf1 Rxg1+ 31. Rxg1 Rg8 32. Rxg8 Kxg8 33. Qg4+ Kh7 34. h4 a6 35. a5 Qg7 36. Qf4 f6 37. Qd6 Nf7 38. Qxc5 Qg4 39. Qe7 Qxh4+ 40. Kg2 Qg5+ 41. Kf1 Qg7 42. Be2 Ne5 43. Qe6 0-1

[Event "Belgrade Zimski op"]
[Site "Belgrade"]
[Date "2005.01.28"]
[Round "6"]
[White "Radovic, Goran"]
[Black "Bozovic, Vladimir"]
[Result "1/2-1/2"]
[WhiteElo "2089"]
[BlackElo "2186"]
[PlyCount "137"]
[EventDate "2005.01.22"]
[EventType "swiss"]
[EventRounds "9"]
[EventCountry "YUG"]
[SourceTitle "CBM 104 Extra"]
[Source "ChessBase"]
[SourceDate "2005.03.01"]
[SourceVersion "1"]
[SourceVersionDate "2005.03.01"]
[SourceQuality "1"]

1. e4 c5 2. Nf3 Nc6 3. d4 cxd4 4. Nxd4 Nf6 5. Nc3 e5 6. Ndb5 d6 7. Bg5 a6 8. Na3 b5 9. Nd5 Be7 10. Nxe7 Nxe7 11. Bxf6 gxf6 12. f3 Be6 13. Bd3 Qb6 14. Qe2 Rg8 15. Qf2 Qa5+ 16. Ke2 d5 17. g3 b4 18. exd5 Bxd5 19. Nc4 Bxc4 20. Bxc4 Rc8 21. Bd3 Nc6 22. Rhc1 Nd4+ 23. Kf1 Qd5 24. Be4 Qd7 25. c3 bxc3 26. bxc3 Qb5+ 27. Kg2 Ne6 28. Rab1 Qc4 29. h4 Nf4+ 30. Kh2 Nh5 31. g4 Nf4 32. Rb2 h5 33. Bf5 Rd8 34. Rd2 Ne2 35. Rxd8+ Kxd8 36. Rd1+ Ke8 37. Rd3 Nf4 38. Rd2 hxg4 39. fxg4 Qxc3 40. g5 Kf8 41. Rd8+ Kg7 42. gxf6+ Kxf6 43. Rxg8 Kxf5 44. Rg5+ Ke4 45. Rg3 Qd4 46. Qc2+ Kd5 47. Rg1 Nd3 48. Qb3+ Kc6 49. Qc2+ Kd6 50. Rb1 Qxh4+ 51. Kg1 Qg3+ 52. Kf1 Qf3+ 53. Kg1 Qe3+ 54. Kf1 e4 55. Qg2 Qf4+ 56. Kg1 Ne5 57. Rd1+ Ke7 58. Qh3 Nf3+ 59. Kh1 Ne5 60. Rf1 Qg4 61. Qa3+ Ke8 62. Qa4+ Kf8 63. Qb4+ Ke8 64. Qb8+ Kd7 65. Qxe5 Qh3+ 66. Kg1 Qg4+ 67. Kf2 Qf3+ 68. Kg1 Qg4+ 69. Kh2 1/2-1/2

[Event "Belgrade Zimski op"]
[Site "Belgrade"]
[Date "2005.01.27"]
[Round "5"]
[White "Bozovic, Vladimir"]
[Black "Pantovic, Dragan M"]
[Result "1/2-1/2"]
[WhiteElo "2186"]
[BlackElo "2131"]
[PlyCount "109"]
[EventDate "2005.01.22"]
[EventType "swiss"]
[EventRounds "9"]
[EventCountry "YUG"]
[SourceTitle "CBM 104 Extra"]
[Source "ChessBase"]
[SourceDate "2005.03.01"]
[SourceVersion "1"]
[SourceVersionDate "2005.03.01"]
[SourceQuality "1"]

1. Nf3 Nf6 2. d4 e6 3. c4 b6 4. Nc3 Bb7 5. a3 d5 6. Bg5 Be7 7. Bxf6 Bxf6 8. cxd5 exd5 9. g3 0-0 10. Bg2 Re8 11. 0-0 a6 12. Qb3 Qd6 13. Rad1 Nd7 14. e3 c5 15. Ne2 Rac8 16. h4 c4 17. Qc2 g6 18. Nf4 Bg7 19. Ng5 Nf6 20. Rfe1 h6 21. Nf3 Ne4 22. Nd2 Nf6 23. e4 Nxe4 24. Nxe4 dxe4 25. Bxe4 Bxe4 26. Rxe4 Red8 27. d5 b5 28. h5 g5 29. Ng2 Qf6 30. Re2 c3 31. b4 Qf3 32. Ne3 Re8 33. Rde1 Bd4 34. d6 Rcd8 35. Qf5 Qxh5 36. Ng4 Rxe2 37. Rxe2 Qg6 38. d7 Qxf5 39. Nxh6+ Kh7 40. Nxf5 Rxd7 41. Nxd4 Rxd4 42. Rc2 Rc4 43. Kf1 Kg6 44. Ke2 Kf5 45. Kf3 Ke5 46. Ke3 Kf5 47. Kf3 f6 48. g4+ Ke5 49. Ke3 f5 50. gxf5 Kxf5 51. f3 Ke5 52. Kd3 Kd5 53. Rxc3 g4 54. fxg4 Rxg4 55. Rc5+ 1/2-1/2

[Event "Belgrade Zimski op"]
[Site "Belgrade"]
[Date "2005.01.25"]
[Round "3"]
[White "Bozovic, Vladimir"]
[Black "Nestorovic, Dejan"]
[Result "0-1"]
[WhiteElo "2186"]
[BlackElo "2402"]
[PlyCount "58"]
[EventDate "2005.01.22"]
[EventType "swiss"]
[EventRounds "9"]
[EventCountry "YUG"]
[SourceTitle "CBM 104 Extra"]
[Source "ChessBase"]
[SourceDate "2005.03.01"]
[SourceVersion "1"]
[SourceVersionDate "2005.03.01"]
[SourceQuality "1"]

1. e4 c5 2. Nf3 a6 3. Nc3 e6 4. d4 cxd4 5. Nxd4 Qc7 6. Bd3 d6 7. 0-0 g6 8. f4 Bg7 9. Be3 Nf6 10. e5 dxe5 11. Ndb5 axb5 12. Nxb5 Qe7 13. fxe5 Nd5 14. Nd6+ Qxd6 15. exd6 Nxe3 16. Bb5+ Nd7 17. Qf3 Nxf1 18. Rxf1 0-0 19. Rd1 Rxa2 20. Bxd7 Bxd7 21. Qxb7 Rd8 22. Qc7 Raa8 23. c3 Rac8 24. Qa7 e5 25. b4 e4 26. c4 Rxc4 27. Qc7 Rxc7 28. dxc7 Rc8 29. Rxd7 Bf8 0-1

[Event "Belgrade Zimski op"]
[Site "Belgrade"]
[Date "2005.01.22"]
[Round "1"]
[White "Bozovic, Vladimir"]
[Black "Jedjini, Pavel"]
[Result "1-0"]
[WhiteElo "2186"]
[BlackElo "1967"]
[PlyCount "95"]
[EventDate "2005.01.22"]
[EventType "swiss"]
[EventRounds "9"]
[EventCountry "YUG"]
[SourceTitle "CBM 104 Extra"]
[Source "ChessBase"]
[SourceDate "2005.03.01"]
[SourceVersion "1"]
[SourceVersionDate "2005.03.01"]
[SourceQuality "1"]

1. e4 g6 2. d4 Bg7 3. Nc3 c6 4. Nf3 d6 5. Be2 Nf6 6. 0-0 0-0 7. a4 a5 8. Bf4 Nh5 9. Bg5 h6 10. Be3 Bg4 11. Qd2 Kh7 12. h3 Bxf3 13. Bxf3 Nf6 14. g4 Nbd7 15. Bg2 e5 16. f4 h5 17. g5 exf4 18. Bxf4 Ne8 19. Ne2 Nb6 20. b3 d5 21. e5 Nc7 22. Rf2 Ne6 23. Raf1 Qe7 24. Be3 Kg8 25. h4 Nd7 26. Bh3 Nb8 27. Rf6 Bxf6 28. gxf6 Qb4 29. c3 Qa3 30. Qd3 Re8 31. Bxe6 Rxe6 32. Nf4 Kh7 33. Rf2 Nd7 34. Bd2 Rae8 35. Rg2 Rg8 36. Nxe6 fxe6 37. Qe3 g5 38. Qd3+ Rg6 39. Rxg5 Nf8 40. Rxg6 Nxg6 41. Qf3 Qa1+ 42. Kh2 Qb1 43. Qxh5+ Kg8 44. Qh6 Kf7 45. Qg7+ Ke8 46. f7+ Kd8 47. Bg5+ Kc8 48. Qg8+ 1-0

[Event "Belgrade Trophy 18th"]
[Site "Obrenovac"]
[Date "2005.??.??"]
[Round "7"]
[White "Bozovic, Vladimir"]
[Black "Rakic, Marija"]
[Result "0-1"]
[WhiteElo "2208"]
[BlackElo "2057"]
[PlyCount "72"]
[EventDate "2005.11.22"]
[EventType "swiss"]
[EventRounds "9"]
[EventCountry "YUG"]
[SourceTitle "CBM 109 Extra"]
[Source "ChessBase"]
[SourceDate "2006.01.03"]
[SourceVersion "2"]
[SourceVersionDate "2006.01.03"]
[SourceQuality "1"]

1. Nf3 Nf6 2. g3 e6 3. Bg2 Be7 4. 0-0 0-0 5. d3 d5 6. Nbd2 c5 7. e4 Nc6 8. Re1 Kh8 9. e5 Ng8 10. Nf1 f6 11. h4 Qb6 12. c3 Bd7 13. N1h2 Nd8 14. exf6 gxf6 15. Bh3 Qc7 16. d4 b5 17. Bf4 Qb7 18. Bg2 c4 19. h5 Be8 20. Nh4 f5 21. Be5+ Bf6 22. Qe2 Qg7 23. g4 Bxe5 24. Qxe5 fxg4 25. Nxg4 Qxe5 26. Rxe5 Nf7 27. Re3 Ng5 28. h6 Bh5 29. Re5 Bxg4 30. Rxg5 Nxh6 31. f3 Bf5 32. Rh5 Rf6 33. Nxf5 Nxf5 34. Kf2 Rg8 35. Rah1 Rg7 36. Bh3 Ng3 0-1

[Event "Belgrade Trophy 18th"]
[Site "Obrenovac"]
[Date "2005.??.??"]
[Round "4"]
[White "Radulovic, Dusko"]
[Black "Bozovic, Vladimir"]
[Result "1-0"]
[WhiteElo "2295"]
[BlackElo "2208"]
[PlyCount "69"]
[EventDate "2005.11.22"]
[EventType "swiss"]
[EventRounds "9"]
[EventCountry "YUG"]
[SourceTitle "CBM 109 Extra"]
[Source "ChessBase"]
[SourceDate "2006.01.03"]
[SourceVersion "2"]
[SourceVersionDate "2006.01.03"]
[SourceQuality "1"]

1. c4 Nf6 2. Nf3 c6 3. d4 d5 4. Qb3 dxc4 5. Qxc4 Bf5 6. g3 e6 7. Bg2 Nbd7 8. 0-0 Be7 9. Nc3 0-0 10. Re1 Nb6 11. Qb3 Ne4 12. Bf4 Nxc3 13. bxc3 Be4 14. a4 Qd5 15. Qa2 Nc4 16. Bf1 b5 17. Nd2 Nxd2 18. Qxd2 a5 19. f3 Bg6 20. e4 Qd7 21. Reb1 b4 22. cxb4 axb4 23. Rxb4 Bxb4 24. Qxb4 f5 25. exf5 Rxf5 26. a5 Qa7 27. a6 e5 28. Be3 Rxf3 29. Ra3 Raf8 30. Bc4+ Bf7 31. Be2 Rxe3 32. Rxe3 exd4 33. Re7 Qa8 34. Qb7 Qd8 35. Rxf7 1-0

[Event "Belgrade Jezero op 09th"]
[Site "Belgrade"]
[Date "2003.08.17"]
[Round "4"]
[White "Pantovic, Dragan M"]
[Black "Bozovic, Vladimir"]
[Result "1/2-1/2"]
[WhiteElo "2158"]
[BlackElo "2192"]
[PlyCount "96"]
[EventDate "2003.08.14"]
[EventType "swiss"]
[EventRounds "9"]
[EventCountry "YUG"]
[SourceTitle "EXT 2004"]
[Source "ChessBase"]
[SourceDate "2003.11.25"]
[SourceVersion "1"]
[SourceVersionDate "2003.11.25"]
[SourceQuality "1"]

1. d4 Nf6 2. c4 c6 3. Nc3 d5 4. Nf3 e6 5. Bg5 dxc4 6. e4 b5 7. e5 h6 8. Bh4 g5 9. Nxg5 Nd5 10. Nxf7 Qxh4 11. Nxh8 Bb4 12. Qd2 c5 13. 0-0-0 cxd4 14. Qxd4 Qxd4 15. Rxd4 Nxc3 16. bxc3 Bxc3 17. Rg4 Bb7 18. Rg8+ Kd7 19. Rg7+ Kc6 20. Re7 Na6 21. Be2 Rxh8 22. Bf3+ Kc5 23. Bxb7 Nb4 24. a3 Nd3+ 25. Kc2 Bxe5 26. Rxe6 a5 27. Be4 Kd4 28. f3 b4 29. Bxd3 cxd3+ 30. Kb3 Kd5 31. Ra6 Bc7 32. axb4 axb4 33. Rd1 Kd4 34. Rc6 Bxh2 35. Rc4+ Ke3 36. Re4+ Kf2 37. Rd2+ Kf1 38. Rxd3 Bg3 39. Rd2 h5 40. Rc4 Kg1 41. Rxb4 h4 42. Rg4 Rc8 43. Rc4 Rxc4 44. Kxc4 Bf2 45. f4 Kxg2 46. f5 h3 47. f6 h2 48. f7 h1Q 1/2-1/2